000
00301nam a22001337a 4500
008
181030b xxu||||| |||| 00| 0 eng d
020
_a
9781591021025
041
_a
eng
080
_a
101
100
_a
24
101
_a
FIL
245
_a
Against Cartesian Philosophy
_c
Lennon, Th. M
942
_2
udc
_c
BK
999
_c
51154
_d
51154